LDR 00783naa#a2200169#i#450# 001 RU\INFRA-M\bibl\116444 005 20260416233245.4 011 ## _a2500-3321 100 ## _a20260303b2026####ek#y0rusy0150####ca 102 ## _aRU 200 1# _aМетоды конструирования и легализации различных единиц эмпирического знания в науке _eЖурнальная статья 210 1# _aМосква _cОбщество с ограниченной ответственностью «Научно-издательский центр ИНФРА-М» _d2026 215 ## _a12 с. 608 ## _aЖурнальная статья _2local 675 ## _aФилософия. Психология. 1 _z 700 #1 _aЗахаров _gЕ. И. 856 4# _anaukaru.ru _u